00495nam a2200145Ia 4500008004100000041000800041082001200049100001100061245002600072260004500098300003200143365001100175999001700186952014600203240624s9999 xx 000 0 und d aeng a823 IMA aIMAYAM aPETHAVAN THE BEGETTER c2015aNew DelhibOxford University Press axxxiv, : 57 : p. : cm. ; 18 cRSb31 c27058d27058 00104070aIMTNbIMTNcRack 40-Bd2016-03-23eBWNg250.00l6o823 IMAp27058q2026-01-17r2026-01-07 10:38:40s2026-01-07t1w2024-06-24yBK